zpět

Detail výsledku týmu

Bar U Souseda, Plzeň

Datum a čas kvízu

34 Celkem bodů Celkový počet nahraných bodů na tomto kvízu bez doplňovacích otázek.
3. Pořadí na kvízu Konečné umístění týmu na tomto kvízu.

Zaznamenané odpovědi

# Otázka Odpověď Body Výsledky
1. V pátek byl prezidentem republ... Josef Baxa 0
2. Na Ukrajině v pondělí započala... (Matka) Ukrajina 1
3. Ve středu byl pro širokou veře... Tři Trubky 1
4. Minulý týden jsme mohli na noč... červený 0
5. Která 45letá fotbalová legenda... Gianluigi Buffon 1
6. Karel Veliký přijal císařskou... C 0
7. Charakter příběhů povídkového... C 1
8. Třetí pražský arcibiskup byl p... D 0
9. V roce 1818 byl poprvé vydán r... Frankenstein 0
10. Doktor Edward Jenner přišel ko... očkování 1